LEADER 00760cam0 2200241 450 001 E600200016705 005 20201217083305.0 100 $a20060309d1991 |||||ita|0103 ba 101 $aeng 102 $aGB 200 1 $aThe Unity of the Self$fStephen L. White 210 $aCambridge$cThe Mit Press$d1991 215 $aXII,424 p.$d24 cm 700 1$aWhite$b, Stephen L.$3A600200035139$4070$0261168 801 0$aIT$bUNISOB$c20201217$gRICA 850 $aUNISOB 852 $aUNISOB$j150$m76597 912 $aE600200016705 940 $aM 102 Monografia moderna SBN 941 $aM 957 $a150$b001035$gSi$d76597$racquisto$1pregresso1$2UNISOB$3UNISOB$420060309110456.0$520190610111046.0$6Spinosa 996 $aThe Unity of the Self$91690310 997 $aUNISOB